000 00347nam a2200157Ia 4500
003 OSt
005 20240120110122.0
008 170524s9999 xx 000 0 und d
020 _a 9789352606429
040 _ciimtu
100 _aNag P K
245 0 _aEngineering thermodynamics
260 _bTMH New Delhi
260 _c2008
942 _2ddc
_c02
999 _c5524
_d5524